000 00911nam a2200301Ia 4500
003 OSt
005 20221007123726.0
006 a|||||r|||| 00| 0
007 ta
008 221006b |||||||| |||| 00| 0 eng d
020 _a8122405703 (pbk)
024 _a8588
037 _bDhanraj,
_cTextual
040 _aCDL
_cCDL
_beng
041 _2eng
_aeng
082 _aE5:28, N1;N4;8 Carc
100 _aNasipuri D
245 0 _aStereochemistry of organic compounds: Principles and applications
250 _a2
260 _aNew
_bDelhi New Age International (P)Limited
_c1994
300 _axxiii,564p
_ccm.
500 _aIncludes bibliographical references; Index 545-564p
650 _a Organic compounds
_9717704
650 _a Stereochemistry
_9717705
650 _aChemistry
942 _hE5:28, N1;N4;8 Carc
_cTEXL
_2CC
999 _c1212391
_d1212391